000 00335 a2200157 4500
001 169992
020 _a0-19-423047-3
040 _cMagnum
100 _aDickens, Charles
240 1 0 _aA tale of two cities
_lING
245 1 0 _aA tale of two cities
300 _a88
362 0 _a2000
697 _aLITERATURA INGLESA
942 _cBK
999 _c169992
_d169992